000 00734nam a2200277Ia 4500
003 OSt
005 20221006142606.0
006 a|||||r|||| 00| 0
007 ta
008 221006b |||||||| |||| 00| 0 eng d
020 _a0803905572
_cP3.50
024 _a6,704
037 _cTextual
040 _aEASL
_cEASL
_beng
041 _2eng
_aeng
082 _aY:6.41.N7, L5
100 _aROBSON William A Ed.
245 0 _aChina in transition
260 _aLondon
_bSage Publications
_c1975
300 _a118p.
_ccm.
490 _v CEL
650 _aCEL
700 _a CRICK Bernard Ed.
_9145765
942 _hY:6.41.N7, L5
_cTEXL
_2CC
999 _c1074790
_d1074790